Loading...
Cost accounting: analysis and control
| Main Author: | |
|---|---|
| Format: | Printed Book |
| Published: |
Illinois, Richard D Irwin
1967
|
| Subjects: |
| LEADER | 005160000a22001810004500 | ||
|---|---|---|---|
| 022 | |a 13-05-2004 | ||
| 041 | |a English | ||
| 082 | |a 657.42 K7 | ||
| 100 | |a Shillnglaw, Gordon | ||
| 245 | |a Cost accounting: analysis and control | ||
| 260 | |a Illinois, Richard D Irwin | ||
| 260 | |c 1967 | ||
| 650 | |a Accounting | ||
| 650 | |a Costing | ||
| 650 | |a Management | ||
| 942 | |c BK | ||
| 999 | |c 141970 |d 141966 | ||
| 952 | |0 0 |1 0 |4 0 |6 657_420000000000000_K7 |7 0 |9 140758 |a SCC |b SCC |d 2017-10-11 |l 0 |o 657.42 K7 |p SCC00232 |r 2017-10-11 |w 2017-10-11 |y BK | ||